1472 1997 1964 1317 1450 1311 1133 1689 1710 1984 1367 1368 1639 1770 1492 1347 1952 1087 1221 1564 1303 1086 1936 1844 1063 1261 1121 1280 1092 1148 1226 1548 1840 1093 1039 1732 1533 1780 1594 1114 1451 1087 1006 1332 1418 1683 1977 1822 1866 1877 1573 1249 1426 1575 1652 1677 1066 1675 1132 1171 1488 1194 1085 1280 1932 1858 1765 1610 1135 1211 1875 1891 1653 1013 1573 1335 1038 1526 1545 1075 1962 1982 1038 1918 1776 1962 1016 1591 1417 1453 1789 1051 1317 1951 1382 1339 1958 1070 1912 BCNSPRNW ULIB Ver.6.0+V

เปลี่ยนเป็นภาษาไทย

Change to English
 แสดงรายละเอียดบรรณานุกรม
  กลับหน้าหลัก

Brief Record : Get Marc (ISO 2709) : E-mail record : QR code < ปิดหน้าต่าง
LEADER : 00000nam 2200000uu 4500
001    13399126312
003     ULIB
008    180905s2560||||th 000 0 tha d
020    ^a9786164380875
060    ^aQV39 ค241
100    ^aพงศธร เผ่าพงษ์สวรรค์, บรรณาธิการ
245    ^aคู่มือการใช้ยาในเด็ก = Drug prescription in children
250    ^aพิมพ์ครั้งที่ 4
260    ^aขอนแก่น :^bภาควิชากุมารเวชศาสตร์ คณะแพทยศาสตร์ มหาวิทยาลัยขอนแก่น,^c2560
300    ^a176 หน้า :^bภาพประกอบ ;^c15 ซม.
650    ^aเด็ก -- โรค -- การรักษาด้วยยา -- คู่มือ
700    ^aกุณฑล วิชาจารย์, บรรณาธิการ
700    ^aภัทร วิรมย์รัตน์, บรรณาธิการ
710    ^aมหาวิทยาลัยขอนแก่น. คณะแพทยศาสตร์. ภาควิชากุมารเวชศาสตร์
945    ^p150^l0^i004521
945    ^p150^l0^i004522
945    ^p150^l0^i004523
945    ^p150^l0^i004524
945    ^p150^l0^i004525
945    ^p150^l0^i004518
945    ^p150^l0^i004517
945    ^p150^l0^i004516
945    ^p150^l0^i004520
945    ^p150^l0^i004519
999    ^aประนอม เกษจรัล
รายการนี้ยังไม่มีแท็ก
คุณยังไม่ได้ล็อกอิน คุณสามารถมีกิจกรรมร่วมกับเว็บไซต์ได้ แต่ต้องล็อกอินก่อน ::
  ล็อกอิน

รายการสื่อสารสนเทศ

ลำดับที่ ประเภท เลขเรียก/บาร์โค้ด สถานที่ สถานะ
1. วิทยาศาสตร์การแพทย์ และสุขภาพ
วิทยาศาสตร์การแพทย์ และสุขภาพ
สถานะ=หายและจ่ายแล้ว
QV39 ค241 ฉ.1 
  Barcode: 004516
ห้องสมุดวิทยาเขตสวรรค์ประชารักษ์
►หนังสือทั่วไป
บนชั้น
2. วิทยาศาสตร์การแพทย์ และสุขภาพ
วิทยาศาสตร์การแพทย์ และสุขภาพ
QV39 ค241 ฉ.10 
  Barcode: 004525
ห้องสมุดวิทยาเขตสวรรค์ประชารักษ์
►หนังสือทั่วไป
บนชั้น
3. วิทยาศาสตร์การแพทย์ และสุขภาพ
วิทยาศาสตร์การแพทย์ และสุขภาพ
QV39 ค241 ฉ.2 
  Barcode: 004517
ห้องสมุดวิทยาเขตสวรรค์ประชารักษ์
►หนังสือทั่วไป
บนชั้น
4. วิทยาศาสตร์การแพทย์ และสุขภาพ
วิทยาศาสตร์การแพทย์ และสุขภาพ
QV39 ค241 ฉ.3 
  Barcode: 004518
ห้องสมุดวิทยาเขตสวรรค์ประชารักษ์
►หนังสือทั่วไป
บนชั้น
5. วิทยาศาสตร์การแพทย์ และสุขภาพ
วิทยาศาสตร์การแพทย์ และสุขภาพ
QV39 ค241 ฉ.4 
  Barcode: 004519
ห้องสมุดวิทยาเขตสวรรค์ประชารักษ์
►หนังสือทั่วไป
บนชั้น
6. วิทยาศาสตร์การแพทย์ และสุขภาพ
วิทยาศาสตร์การแพทย์ และสุขภาพ
QV39 ค241 ฉ.5 
  Barcode: 004520
ห้องสมุดวิทยาเขตสวรรค์ประชารักษ์
►หนังสือทั่วไป
บนชั้น
7. วิทยาศาสตร์การแพทย์ และสุขภาพ
วิทยาศาสตร์การแพทย์ และสุขภาพ
QV39 ค241 ฉ.6 
  Barcode: 004521
ห้องสมุดวิทยาเขตสวรรค์ประชารักษ์
►หนังสือทั่วไป
บนชั้น
8. วิทยาศาสตร์การแพทย์ และสุขภาพ
วิทยาศาสตร์การแพทย์ และสุขภาพ
QV39 ค241 ฉ.7 
  Barcode: 004522
ห้องสมุดวิทยาเขตสวรรค์ประชารักษ์
►หนังสือทั่วไป
บนชั้น
9. วิทยาศาสตร์การแพทย์ และสุขภาพ
วิทยาศาสตร์การแพทย์ และสุขภาพ
QV39 ค241 ฉ.8 
  Barcode: 004523
ห้องสมุดวิทยาเขตสวรรค์ประชารักษ์
►หนังสือทั่วไป
บนชั้น
10. วิทยาศาสตร์การแพทย์ และสุขภาพ
วิทยาศาสตร์การแพทย์ และสุขภาพ
QV39 ค241 ฉ.9 
  Barcode: 004524
ห้องสมุดวิทยาเขตสวรรค์ประชารักษ์
►หนังสือทั่วไป
บนชั้น

รายการใกล้เคียง
    ชื่อเรื่อง [คู่มือการใช้ยาในเด็ก = Drug prescription in children]

    ผู้แต่ง [พงศธร เผ่าพงษ์สวรรค์, บรรณาธิการ]

    หัวเรื่อง [เด็ก -- โรค -- การรักษาด้วยยา -- คู่มือ]

BibComment


ยังไม่เคยถูกคอมเมนท์

คอมเมนท์ทรัพยากรรายการนี้
  คอมเมนท์: คู่มือการใช้ยาใน..


 Copyright 2026. Bcnsprnw @Library